000 01283nam1a2200301 i 4500
001 RU\NLR\bibl\2019971
005 20260405100811.0
035 _a(NLR Aleph) 002008268
090 _a4441317
_c4441317
100 _a20130405g2012 u y0rusy50 ca
101 0 _arus
102 _aRU
105 _a||||g |||||
200 1 _aОни носили ТВОЮ фамилию
_eземская и советская медицина 1900-1941
_eзолотые три с половиной тысячи
_eбиографический справочник
_fсост.: К.В. Скоркин
210 _aМосква
_cVividArt
_d2012
215 _d24
463 0 _10012003506
606 _aЗемские врачи
_jБиографические словари
_92141206
_3RU\NLR\auth\661595066
606 1 _aВрачи
_jБиографические словари
_yСССР
_z1917 - 1941
_92141249
_3RU\NLR\auth\661595088
686 _aР11(28)79п.я2
686 _aР.г(2)7д.я2
702 1 _4220
_8rus
_7ca
_aСкоркин
_bК. В.
_f1955-
_gКонстантин Владиславович
_3RU\NLR\auth\7736884
_919873
801 0 _aRU
_bNLR
_c20130405
_gRCR
801 1 _aRU
_bNLR
_c20130405
830 _aсост. по кн.
852 _aNLR
_bС
_j2013-3/18
942 _cBOOK